00261 a2200085 4500020001500000100001500015245009200030260004300122300001000165 a0717297454 aHedges Roy aGrolier Business Library collecting a DebtbHow to enforce payment of money owed to you aHong KongbGrolier Internationalc1999 a143 P